Loading...
| History - World History | 0 | 8 | 1 | 1 | 75 | 66 | 94.38 | 2 | 8 |
| History - Other History | 0 | 6 | 0 | 0 | 60 | 66 | 92.67 | 1 | 3 |
| Mythology | 0 | 2 | 0 | 0 | 20 | 114 | 118.50 | 0 | 2 |
| Fine Arts - Other Fine Arts | 0 | 2 | 0 | 1 | 20 | 134 | 134.50 | 0 | 1 |
| History - European History | 0 | 3 | 3 | 1 | 15 | 83 | 93.33 | 0 | 2 |
| Science - Biology | 0 | 1 | 0 | 0 | 10 | 90 | 90.00 | 0 | 1 |
| Fine Arts - Classical Music | 0 | 1 | 0 | 1 | 10 | 133 | 133.00 | 0 | 0 |
| Fine Arts - Painting and Sculpture | 0 | 1 | 0 | 0 | 10 | 80 | 80.00 | 0 | 0 |
| Geography | 0 | 1 | 0 | 1 | 10 | 102 | 102.00 | 0 | 1 |
| Literature - American Literature | 0 | 1 | 0 | 0 | 10 | 135 | 135.00 | 0 | 0 |
| Religion | 0 | 1 | 0 | 0 | 10 | 113 | 113.00 | 1 | 1 |
| Current Events | 0 | 1 | 0 | 0 | 10 | 90 | 90.00 | 0 | 0 |
| Other Academic | 0 | 1 | 0 | 0 | 10 | 127 | 127.00 | 0 | 0 |
| Literature - World Literature | 0 | 0 | 0 | 0 | 0 | 0.00 | 0 | 0 | |
| History - American History | 0 | 1 | 3 | 0 | -5 | 109 | 109.00 | 0 | 1 |